St. Pete-Clearwater Int. Airport Destinations (Clearwater, FL, USA) - Statistics

General Stats
  • This quiz has been taken 71 times
    47 since last reset
  • The average score is 28 of 58
Answer Stats
Airline Destination % Correct
Allegiant Air Belleville/St. Louis
84%
Allegiant Air Chicago/Rockford
84%
Allegiant Air Indianapolis
79%
Allegiant Air Akron/Canton
74%
Allegiant Air Columbus (Rickenbacker)
74%
Allegiant Air Louisville
74%
Allegiant Air Memphis
74%
Sun Country Airlines Minneapolis/St. Paul
74%
Allegiant Air Charlotte/Concord
68%
Allegiant Air Cincinnati
68%
Allegiant Air Des Moines
68%
Allegiant Air Kansas City
68%
Allegiant Air Knoxville
68%
Allegiant Air Lexington
68%
Allegiant Air Nashville
68%
Allegiant Air Richmond
68%
Allegiant Air Albany (NY)
63%
Allegiant Air Evansville
63%
Allegiant Air Greensboro
63%
Allegiant Air Norfolk
63%
Allegiant Air Pittsburgh
63%
Allegiant Air Dayton
58%
Allegiant Air Grand Rapids
58%
Allegiant Air Omaha
58%
Allegiant Air Toledo
58%
Allegiant Air Asheville
53%
Allegiant Air Fort Wayne
53%
Allegiant Air Harrisburg
53%
Allegiant Air Cedar Rapids/Iowa City
47%
Allegiant Air Fayetteville/Bentonville
47%
Allegiant Air Flint
47%
Allegiant Air Greenville/Spartanburg
47%
Allegiant Air Sioux Falls
47%
Allegiant Air Syracuse
47%
Allegiant Air Chattanooga
42%
Allegiant Air Little Rock
42%
Allegiant Air Roanoke
42%
Allegiant Air Springfield/Branson
42%
Allegiant Air Allentown
37%
Allegiant Air Appleton
37%
Allegiant Air Fargo
37%
Allegiant Air Moline/Quad Cities
37%
Allegiant Air Peoria
37%
Allegiant Air South Bend
37%
Allegiant Air Bangor
26%
Allegiant Air Huntington (WV)
26%
Allegiant Air Key West
26%
Allegiant Air Niagara Falls
26%
Allegiant Air Bloomington/Normal
21%
Allegiant Air Colorado Springs
21%
Allegiant Air Traverse City
21%
Allegiant Air Tri-Cities (TN)
21%
Allegiant Air Elmira
16%
Allegiant Air Hagerstown
16%
Allegiant Air Plattsburgh
16%
Allegiant Air Portsmouth
16%
Allegiant Air Clarksburg
11%
Allegiant Air Newburgh
5%
No matching quizzes found
Score Distribution
Percent of People with Each Score
Percentile by Number Answered
Your Score History
You have not taken this quiz since the last reset